Praha 3 v Květnovém povstání 1945 : sborník vzpomínek a dokumentů / uspořádali Stanislav Kokoška a Ludvík Štefaník
Record details
- Physical Description: 141 s., [35] s. obr. příl. : il., portréty ; 21 cm
- Publisher: V Praze : Obvodní výbor Českého svazu protifašistických bojovníků, [1988]
Content descriptions
| Bibliography, etc. Note: | Obsahuje bibliografické odkazy |
Search for related items by subject
| Genre: | sborníky |
Available copies
- 1 of 1 copy available at Common Catalog SPOK.
Holds
- 0 current holds with 1 total copy.
Show All Copies
| Location | Call Number / Copy Notes | Barcode | Shelving Location | Status | Due Date |
|---|---|---|---|---|---|
| The Jewish community of Prague | N 277 | 4638306821 | N - Jiná odborná | Available | - |
Electronic resources
Version of Resource: Digitalizovaný dokument
| LDR | 01276nam a2200313 a 4500 | ||
|---|---|---|---|
| 001 | 57337 | ||
| 003 | CZ-PrJAB | ||
| 005 | 20110823095501.0 | ||
| 007 | ta | ||
| 008 | 890502s1988 xr acf 000 cze | ||
| 015 | . | ‡acnb000047318 | |
| 020 | . | ‡q(Brož.) | |
| 035 | . | ‡a(CZ PrNK)ck8904591 | |
| 035 | . | ‡a(OCoLC)39421557 | |
| 040 | . | ‡aABA001 ‡bcze ‡dABA001 | |
| 080 | . | ‡a943.710 ‡2undef | |
| 080 | . | ‡a323.269.6 ‡2undef | |
| 245 | 0 | 0. | ‡aPraha 3 v Květnovém povstání 1945 : ‡bsborník vzpomínek a dokumentů / ‡cuspořádali Stanislav Kokoška a Ludvík Štefaník |
| 260 | . | ‡aV Praze : ‡bObvodní výbor Českého svazu protifašistických bojovníků, ‡c[1988] | |
| 300 | . | ‡a141 s., [35] s. obr. příl. : ‡bil., portréty ; ‡c21 cm | |
| 504 | . | ‡aObsahuje bibliografické odkazy | |
| 655 | 7. | ‡asborníky ‡7fd163935 ‡2czenas | |
| 700 | 1 | . | ‡aKokoška, Stanislav, ‡d1959- ‡7jn20000401384 ‡4edt |
| 700 | 1 | . | ‡aŠtefaník, Ludvík ‡7jx20110823017 ‡4edt |
| 856 | 4 | 1. | ‡uhttp://krameriusndk.nkp.cz/search/handle/uuid:03ca1160-4092-11ec-a74c-005056827e52 ‡yDigitalizovaný dokument |
| 910 | . | ‡aABE461 | |
| 995 | . | ‡aska | |
| 964 | . | ‡aKvětnové povstání českého lidu - Praha 3 - r. 1945 - sborníky | |
| 901 | . | ‡a57337 ‡bAUTOGEN ‡c57337 ‡tbiblio | |